Statistics for Name All Serie A Goal-Scorers since the '11-'12 season for Juventus

Click here to take the quiz!

General Stats

  • This quiz has been taken 134 times
    (90 since last reset)
  • The average score is 39 of 54

Answer Stats

PositionPlayerNationality% Correct
LWCristiano RonaldoPortugal
99%
CBGiorgio ChielliniItaly
99%
CBLeonardo BonucciItaly
99%
RMJuan CuadradoColombia
97%
STMario MandzukicCroatia
97%
STPaulo DybalaArgentina
97%
CBMehdi BenatiaMorocco
96%
CBAndrea BarzagliItaly
96%
CMArturo VidalChile
96%
CMMiralem PjanicBosnia-Herzegovina
96%
CMSami KhediraGermany
91%
CMPaul PogbaFrance
90%
CMEmre CanGermany
90%
RBStephen LichtsteinerSwitzerland
90%
STGonzalo HiguainArgentina
90%
CMAndrea PirloItaly
88%
CM/LMKwadwo AsamoahGhana
87%
STCarlos TevezArgentina
87%
LB/LWBAlex SandroBrazil
86%
CMRodrigo BentancurUruguay
86%
STAlvaro MorataSpain
86%
RWDouglas CostaBrazil
84%
CMBlaise MatuidiFrance
83%
CBDaniele RuganiItaly
83%
CBMartin CaceresUruguay
83%
RBJoao CanceloPortugal
81%
CMClaudio MarchisioItaly
81%
RB/LBMattia De SciglioItaly
80%
LBPatrice EvraFrance
78%
LWMarko PjacaCroatia
78%
STMirko VucinicMontenegro
77%
RMFederico BernardeschiItaly
75%
STAlessandro Del PieroItaly
74%
STFernando LlorenteSpain
72%
CMMario LeminaGabon
70%
RB/RMDani AlvesBrazil
70%
STMoise KeanItaly
65%
STAlessandro MatriItaly
62%
RM/CAMRoberto PereyraArgentina
61%
RMSimone PepeItaly
58%
STFabio QuagliarellaItaly
57%
STSebastian GiovincoItaly
55%
RMMilos KrasicSerbia
51%
LMMarcelo EstigarribiaParaguay
48%
CMHernanesBrazil
46%
RM/LMSimone PadoinItaly
43%
LBPaolo De CeglieItaly
42%
LMEmanuele GiaccheriniItaly
41%
CMStefano SturaroItaly
38%
STMarco BorrielloItaly
35%
STDani OsvaldoItaly
33%
STSimone ZazaItaly
32%
LBFederico PelusoItaly
23%
CMLuca MarroneItaly
20%

Score Distribution

Percentile by Number Answered

Percent of People with Each Score

Your Score History

You have not taken this quiz since the last reset